000 00319nam a2200145 i 4500
001 bg
100 1 _aBURDZY, Janina
245 0 _aTablice statystyczne /
_cJanina Burdzy.
260 _aLublin,
_c1978.
040 _cBPK
041 _apol
080 _a519
942 _cKS
008 s pl f |000 0 pol
999 _c18520
_d18520
856 _uhttp://koha.tu.koszalin.pl/cgi-bin/koha/opac-detail.pl?biblionumber=18520
_yKatalog online BPK